Nákladový controlling : príklady a prípadové štúdie
Uložené v:
| Hlavní autori: | , |
|---|---|
| Médium: | Kniha |
| Jazyk: | Slovak |
| Vydavateľské údaje: |
Bratislava :
Iura Edition,
2009
|
| Edícia: | Ekonómia
306. |
| Predmet: | |
| Tagy: |
Žiadne tagy, Buďte prvý, kto otaguje tento záznam!
|
MARC
| LEADER | 00000nam a22000003a 4500 | ||
|---|---|---|---|
| 001 | stu199851 | ||
| 005 | 20150617230110.1 | ||
| 008 | 100218s2009----xo------------------slo-d | ||
| 020 | |a 978-80-8078-286-3 | ||
| 040 | |a STU |b slo | ||
| 041 | 0 | |a slo | |
| 044 | |a xo | ||
| 080 | |a 657.47 | ||
| 100 | 1 | |a Foltínová, Alžbeta |4 aut | |
| 245 | 1 | |a Nákladový controlling : |b príklady a prípadové štúdie | |
| 260 | |a Bratislava : |b Iura Edition, |c 2009 | ||
| 300 | |a 160 s | ||
| 650 | 7 | |a kontroling |2 stusub | |
| 650 | 7 | |a náklady |2 stusub | |
| 650 | 7 | |a kalkulácia nákladov |2 stusub | |
| 700 | 1 | |a a kol. |4 aut | |
| 830 | 0 | |a Ekonómia |v 306. | |
| 996 | |b 284M077904 |c M*S-1486-1 |l MMKN |s A |a 24 |w stu199851_0001 | ||